[Event "BLR-ch (Women) 80th"]
[Site "Minsk"]
[Date "2024.01.16"]
[Round "7"]
[White "Cheshko, Darya"]
[Black "Dorashava, Viktoryia"]
[Result "0-1"]
[WhiteElo "1457"]
[BlackElo "1582"]
[PlyCount "72"]
[EventDate "2024.01.10"]
[EventType "tourn"]
[EventRounds "9"]
[EventCountry "BLR"]
[SourceTitle "CB04_2024"]
[SourceDate "2023.10.16"]
[SourceVersion "1"]
[SourceVersionDate "2023.10.16"]
[SourceQuality "1"]

1. e4 c5 2. Nf3 d6 3. d4 Nf6 4. Nc3 Qa5 5. Bd2 cxd4 6. Nd5 Qd8 7. Nxf6+ gxf6 8. Nxd4 h5 9. Be2 Bh6 10. Bxh6 Rxh6 11. Qd2 Rh8 12. 0-0-0 Nc6 13. f4 Qb6 14. Nf3 Be6 15. Kb1 0-0-0 16. Qc3 Kb8 17. Bc4 Qc5 18. Bxe6 Qxc3 19. bxc3 fxe6 20. Nd4 e5 21. Ne6 Rdg8 22. g3 h4 23. Rhg1 Rg4 24. gxh4 Rgxh4 25. Rdf1 Rxh2 26. Ng7 Re2 27. fxe5 Nxe5 28. Nf5 Nc4 29. Re1 Reh2 30. Nxe7 Nd2+ 31. Kb2 Nf3 32. Ng6 Rg8 33. Rh1 Rxh1 34. Rxh1 Rxg6 35. Rh7 Ng5 36. Re7 Rh6 0-1

[Event "BLR-ch (Women) 80th"]
[Site "Minsk"]
[Date "2024.01.13"]
[Round "4"]
[White "Tarasenka, Aliaksandra"]
[Black "Cheshko, Darya"]
[Result "1-0"]
[WhiteElo "2061"]
[BlackElo "1457"]
[PlyCount "89"]
[EventDate "2024.01.10"]
[EventType "tourn"]
[EventRounds "9"]
[EventCountry "BLR"]
[SourceTitle "CB04_2024"]
[SourceDate "2023.10.16"]
[SourceVersion "1"]
[SourceVersionDate "2023.10.16"]
[SourceQuality "1"]

1. e4 c5 2. Nf3 e6 3. Nc3 Nc6 4. Bb5 Nd4 5. 0-0 a6 6. Bd3 Nxf3+ 7. Qxf3 b5 8. e5 Rb8 9. b3 d5 10. exd6 Bxd6 11. Bb2 Qc7 12. Rae1 Nf6 13. Qh3 c4 14. Bf5 Kf8 15. Ne4 Be5 16. Bxe5 Qxe5 17. Nxf6 Qxf6 18. Be4 Bb7 19. Bxb7 Rxb7 20. bxc4 bxc4 21. Qa3+ Qe7 22. Qxa6 g6 23. Qxc4 Kg7 24. a4 Rc7 25. Qb3 Rhc8 26. c3 Qd7 27. Qc2 Ra8 28. Re4 Rd8 29. Rd1 Qd3 30. Qxd3 Rxd3 31. Kf1 Rcxc3 32. dxc3 Rxd1+ 33. Re1 Rd2 34. Ra1 Kf6 35. a5 Rd7 36. a6 Ra7 37. Ke2 Ke5 38. Kd3 Kd5 39. Ra5+ Kd6 40. Kc4 Kc6 41. f4 f6 42. g4 e5 43. fxe5 f5 44. gxf5 gxf5 45. Kd4 1-0